Most Capped Footballers for Italy(Men) - Statistics

General Stats
  • This quiz has been taken 774 times
    188 since last reset
  • The average score is 15 of 33
Answer Stats
Caps Years Answer % Correct
176 1997-2018 Gianluigi Buffon
96%
126 1988-2002 Paolo Maldini
90%
117 2004-2022 Giorgio Chiellini
86%
116 2002-2015 Andrea Pirlo
85%
121 2010-2023 Leonardo Bonucci
84%
91 1995-2008 Alessandro del Piero
83%
136 1997-2010 Fabio Cannavaro
75%
78 1996-2006 Alessandro Nesta
72%
117 2004-2017 Daniele de Rossi
72%
60 1991-1999 Dino Baggio
72%
73 2000-2010 Gennaro Gattuso
69%
74 2016- Gianluigi Donnarumma
66%
81 1982-1994 Franco Baresi
64%
112 1968-1983 Dino Zoff
55%
98 1999-2010 Gianluca Zambrotta
55%
73 2004-2017 Andrea Barzagli
52%
63 2018- Nicolò Barella
48%
60 1962-1974 Gianni Rivera
26%
81 1982-1998 Giuseppe Bergomi
21%
61 1980-1988 Alessandro Altobelli
19%
78 1975-1986 Gaetano Scirea
19%
94 1963-1977 Giacinto Facchetti
19%
81 1976-1985 Marco Tardelli
18%
71 1975-1984 Claudio Gentile
17%
70 1963-1974 Sandro Mazzola
17%
79 1991-2002 Demetrio Albertini
16%
66 2007-2017 Riccardo Montolivo
15%
63 1986-1996 Roberto Donadoni
13%
73 1978-1987 Antonio Cabrini
11%
64 1975-1983 Francesco Graziani
11%
73 1974-1982 Giancarlo Antognoni
11%
63 1972-1983 Franco Causio
8%
66 1963-1974 Tarcisio Burgnich
8%
No matching quizzes found
Score Distribution
Percent of People with Each Score
Percentile by Number Answered
Your Score History
You have not taken this quiz since the last reset